| 000 | 01340nam2a22003131 4500 | ||
|---|---|---|---|
| 001 | v19\rc\1668002 | ||
| 005 | 20250619012509.0 | ||
| 035 | _a(NLR Aleph) 004776116 | ||
| 090 |
_a4652148 _c4652148 |
||
| 100 | _a20061002d1892 |||y0rusy50 ca | ||
| 101 | 0 | _arus | |
| 102 | _aRU | ||
| 105 | _aac z |||c| | ||
| 200 | 1 |
_aПохождения лже-архиерея Савватия _e(Соврем. очерк) |
|
| 210 |
_d1892 _aБ. м. |
||
| 215 |
_a97 с., 1 л. портр. _cил. |
||
| 461 | 0 |
_1001v19\rc\1668001 _12001#$aРазоблаченный раскол$eВып. 1$vВып. 1 _1700#1$aРыскин$bС.Ф.$f1859-1895$gСергей Федорович _94652145 _aРыскин, С.Ф. (1859-1895) _cМосква _d1892 _nтип. О-ва распространения полезн. кн. _oВып. 1 _tРазоблаченный раскол _vВып. 1 |
|
| 702 | 0 |
_4570 _7ca _8rus _aСавватий _cЛевшин, Степан Васильевич _cархиепископ старообрядцев _f1825-1898 _9247268 _3RU\NLR\AUTH\770247324 |
|
| 801 | 0 |
_aRU _bNLR _gpsbo |
|
| 801 | 0 |
_aRU _bRuMoRGB _2psbo |
|
| 801 | 1 |
_aRU _bProSoft-M _2rusmarc |
|
| 852 |
_aNLR _j18.188.2.509 |
||
| 899 |
_aRuMoRGB _jM 45/118 |
||
| 899 |
_aRuMoRGB _jA 203/208 |
||
| 899 | _aБАН | ||
| 899 | _aГПИБ | ||
| 942 | _cBOOK | ||
| 980 | _aNB | ||